00553 2200205 4500001002100000005001500021035002000036007000300056008004100059020001800100082001200118084001800130100003400148245005900182250001000241260003400251300003200285990001500317990001500332INLIS00000000000108620171204124736 a0010-1217000001ta171204 0  a979-668-526-4 a297.672 a297.672 SAY r0 aSayyid, Abdul Basith Muhammad1 aRahasia Kesehatan nabi /cAbdul Basith Muhammad Sayyid acet.4 aSolo :bTiga Serangkai,c2008 axii,276 hlm ;c13,5 x 21 cm a1071 682 B a1071 682 B